Religio-Political Ferment in the North West Frontier During Mughal Period (Record no. 7118)

MARC details
000 -LEADER
fixed length control field 00663nam a2200253 a 4500
020 ## - INTERNATIONAL STANDARD BOOK NUMBER
ISBN
082 00 - DEWEY DECIMAL CLASSIFICATION NUMBER
Classification number 954.025
Author Cutter AHM
100 ## - MAIN ENTRY--AUTHOR NAME
Author name Ahmed, Tariq
245 ## - TITLE STATEMENT
Title Religio-Political Ferment in the North West Frontier During Mughal Period
260 ## - PUBLICATION, DISTRIBUTION, ETC. (IMPRINT)
Place of publication Delhi
Name of publisher Idara-I-Adabiyat-I-Dilli
Year of publication 1982
300 ## - PHYSICAL DESCRIPTION
Number of Pages 129p
500 ## - GENERAL NOTE
General note includes index and biblioraphy
505 2# - FORMATTED CONTENTS NOTE
Formatted contents note Bibliography
650 ## - SUBJECT ADDED ENTRY--TOPICAL TERM
Topical Term Mughal India
650 ## - SUBJECT ADDED ENTRY--TOPICAL TERM
Topical Term North-West India-Mughal
942 ## - ADDED ENTRY ELEMENTS (KOHA)
Koha item type Books
700 1# -
-- Ahmed, Tariq
Holdings
Collection code Home library Current library Date acquired Cost, normal purchase price Full call number Accession Number Koha item type
  Henry Martyn Institute Library Henry Martyn Institute Library 04/04/2007 60.00 954.025 AHM 012402 Books
                   Copyright © 2026 | Henry Martyn Institute | Hyderabad | TS-500052 | INDIA | Implemented by hmi.edu.in
Hit-Count:

Powered by Koha